Radnica Čunovo

Na minha lista:
Detalhes bibliográficos
Autor principal: Masárová, Bronislava (Author)
Outros Autores: Hain, Vladimír (Thesis advisor)
Formato: Manuscrito Livro
Idioma:eslovaco
inglês
Publicado em: Bratislava 2021
Assuntos:
Acesso em linha:http://is.stuba.sk/zp/portal_zp.pl?podrobnosti=145729
Tags: Adicionar Tag
Sem tags, seja o primeiro a adicionar uma tag!

MARC

LEADER 00000ntm a22000003a 4500
001 stuzp84256
003 SK-STU
005 20211108112650.0
007 ta
008 150427s2015----xo-----f-mn---000-0-slo-d
040 |a STU  |b slo 
041 0 |a eng 
100 1 |a Masárová, Bronislava  |u 054140  |4 aut  |U FAD Fakulta architektúry a dizajnu  |T FAD Ústav konštrukcií v architektúre a inžinierskych stavieb  |X 88146  |U A4140  |Y 395  |7 88146 
242 0 1 |a Radnica Čunovo  |y slo 
245 1 0 |a Radnica Čunovo 
260 |c 2021  |a Bratislava 
650 4 |a Čunovo  |2 slo 
650 4 |a Komunitné centrum  |2 slo 
650 4 |a Radnica  |2 slo 
650 4 |a Sobášna sála  |2 slo 
650 4 |a Wedding Hall  |2 eng 
650 4 |a Town Hall  |2 eng 
650 4 |a Cunovo  |2 eng 
650 4 |a Community Center  |2 eng 
700 1 |a Hain, Vladimír  |u 054140  |k Z1  |4 ths  |U FAD Fakulta architektúry a dizajnu  |T FAD Ústav konštrukcií v architektúre a inžinierskych stavieb  |X 27763  |U A4140  |Y 395  |7 A000027763 
856 4 |u http://is.stuba.sk/zp/portal_zp.pl?podrobnosti=145729  |u https://opac.crzp.sk/?fn=detailBiblioForm&sid=6327E39BEACEDA0309010B820365